Evropský měnový systém v pohybu
Európsky menový systém - pokus o vytvorenie zóny menovej stability v rámci Európskeho spoločenstva. Snaha členských krajín o menovú stabilitu - systém devízovej intervencie. Zosilnenie integračných procesov s cieľom vytvorenia hospodárskej a menovej únie. Zníženie priemernej miery inflácie. Tesnejši...
Salvato in:
| Autore principale: | |
|---|---|
| Natura: | Capitolo di libro |
| Lingua: | ceco |
| Soggetti: | |
| Tags: |
Nessun Tag, puoi essere il primo ad aggiungerne!!
|
MARC
| LEADER | 00000naa a2200000 4500 | ||
|---|---|---|---|
| 001 | r023883 | ||
| 005 | 20221213081737.4 | ||
| 041 | 0 | |a cze | |
| 044 | |a CZ | ||
| 245 | 1 | 0 | |a Evropský měnový systém v pohybu |c Jana Marková |
| 520 | |a Európsky menový systém - pokus o vytvorenie zóny menovej stability v rámci Európskeho spoločenstva. Snaha členských krajín o menovú stabilitu - systém devízovej intervencie. Zosilnenie integračných procesov s cieľom vytvorenia hospodárskej a menovej únie. Zníženie priemernej miery inflácie. Tesnejšia interakcia medzi kurzovou politikou a ostatnými oblasťami hospodárskej politiky. Nahradenie systému pevných devízových kurzov systémom pohyblivých kurzov. | ||
| 610 | 2 | 0 | |a Európsky menový systém |
| 610 | 2 | 0 | |a systém menový medzinárodný |
| 610 | 2 | 0 | |a Európske spoločenstvá |
| 610 | 2 | 0 | |a stabilita meny |
| 610 | 2 | 0 | |a mena |
| 610 | 2 | 0 | |a úver medzinárodný |
| 610 | 2 | 0 | |a inflácia |
| 610 | 2 | 0 | |a politika devízová |
| 610 | 2 | 0 | |a kurz výmenný pohyblivý |
| 610 | 2 | 0 | |a únie menové |
| 100 | 1 | |a Marková, Jana | |